| 000 | 00490nam a22001937a 4500 | ||
|---|---|---|---|
| 003 | OSt | ||
| 005 | 20180116183051.0 | ||
| 008 | 160815b xxu||||| |||| 00| 0 eng d | ||
| 020 | _a0201039133 | ||
| 040 | _c0 | ||
| 082 | _a519.5 HAR 1982 | ||
| 100 | _aDonald L. Harnett | ||
| 245 |
_aStatistical Methods _cMicrosoft Exchange Server 5.5 |
||
| 250 | _a3rd. | ||
| 260 |
_aSydney _bAddison Wesley _c1982 |
||
| 300 |
_a730+ p. _bHB |
||
| 440 | _aStatistical Methods | ||
| 942 |
_2ddc _cBK |
||
| 999 |
_c351654 _d351654 |
||